<?xml version="1.0" encoding="UTF-8"?>
<record
    xmlns:xsi="http://www.w3.org/2001/XMLSchema-instance"
    xsi:schemaLocation="http://www.loc.gov/MARC21/slim http://www.loc.gov/standards/marcxml/schema/MARC21slim.xsd"
    xmlns="http://www.loc.gov/MARC21/slim">

  <leader>01268nam a22002057a 4500</leader>
  <controlfield tag="001">9088</controlfield>
  <controlfield tag="003">FISKH</controlfield>
  <controlfield tag="005">20260206124804.0</controlfield>
  <controlfield tag="008">251119b        cb ||||| |||| 00| 0 eng d</controlfield>
  <datafield tag="020" ind1=" " ind2=" ">
    <subfield code="a">9781316509159</subfield>
  </datafield>
  <datafield tag="040" ind1=" " ind2=" ">
    <subfield code="a">FISKH</subfield>
    <subfield code="b">eng</subfield>
    <subfield code="c">FISKH</subfield>
    <subfield code="d">FISKH</subfield>
  </datafield>
  <datafield tag="082" ind1=" " ind2=" ">
    <subfield code="a">510.76</subfield>
  </datafield>
  <datafield tag="100" ind1=" " ind2=" ">
    <subfield code="a">Moseley, Cherri</subfield>
  </datafield>
  <datafield tag="245" ind1=" " ind2=" ">
    <subfield code="a">Cambridge Primary Mathematics :</subfield>
    <subfield code="b">Skills Builder 3 / </subfield>
    <subfield code="c">By Cherri Moseley and Janet Rees </subfield>
  </datafield>
  <datafield tag="260" ind1=" " ind2=" ">
    <subfield code="a">Cambridge : </subfield>
    <subfield code="b">Cambridge University Press , </subfield>
    <subfield code="c">2016.</subfield>
  </datafield>
  <datafield tag="300" ind1=" " ind2=" ">
    <subfield code="a">95 pages : </subfield>
    <subfield code="b">illustrations ;</subfield>
    <subfield code="c">28 cm . </subfield>
  </datafield>
  <datafield tag="520" ind1=" " ind2=" ">
    <subfield code="a">Cambridge Primary Mathematics is a flexible and engaging course written specifically for Cambridge Primary Mathematics Curriculum Stages 1 to 6. The course offers a discussion-led approach with problem-solving integrated throughout. The language is pitched to ESL learners with illustrations to support visual understanding. Skills Builders provide consolidation activities for children who need extra learning opportunities to meet the standard for success. A full range of activities is provided to help raise a child's mathematical understanding and performance to match their peers, with teacher/parental guidance on key mathematical methods and concepts before each exercise</subfield>
  </datafield>
  <datafield tag="942" ind1=" " ind2=" ">
    <subfield code="2">ddc</subfield>
    <subfield code="c">BK</subfield>
    <subfield code="n">0</subfield>
  </datafield>
  <datafield tag="999" ind1=" " ind2=" ">
    <subfield code="c">9088</subfield>
    <subfield code="d">9088</subfield>
  </datafield>
  <datafield tag="952" ind1=" " ind2=" ">
    <subfield code="0">0</subfield>
    <subfield code="1">0</subfield>
    <subfield code="2">ddc</subfield>
    <subfield code="4">0</subfield>
    <subfield code="7">0</subfield>
    <subfield code="8">REF</subfield>
    <subfield code="a">002</subfield>
    <subfield code="b">002</subfield>
    <subfield code="c">LSHTTP</subfield>
    <subfield code="d">2025-11-19</subfield>
    <subfield code="l">0</subfield>
    <subfield code="o">MOS 510.76</subfield>
    <subfield code="p">2025-4818</subfield>
    <subfield code="r">2025-11-19 11:58:00</subfield>
    <subfield code="t">1</subfield>
    <subfield code="w">2025-11-19</subfield>
    <subfield code="y">BK</subfield>
  </datafield>
  <datafield tag="952" ind1=" " ind2=" ">
    <subfield code="0">0</subfield>
    <subfield code="1">0</subfield>
    <subfield code="2">ddc</subfield>
    <subfield code="4">0</subfield>
    <subfield code="7">0</subfield>
    <subfield code="8">REF</subfield>
    <subfield code="a">002</subfield>
    <subfield code="b">002</subfield>
    <subfield code="c">LSHTTP</subfield>
    <subfield code="d">2026-02-06</subfield>
    <subfield code="l">0</subfield>
    <subfield code="o">MOS 510.76</subfield>
    <subfield code="p">2026-0252</subfield>
    <subfield code="r">2026-02-06 12:47:53</subfield>
    <subfield code="t">2</subfield>
    <subfield code="w">2026-02-06</subfield>
    <subfield code="y">BK</subfield>
  </datafield>
</record>
